000 00527nam a2200181Ia 4500
005 20250508151039.0
008 008 250505s9999 xx 000 0 eng d
037 _aReference
040 _aFEDL
_beng
_cFEDL
041 _aeng
_2eng
084 _a371.26, MEN
_qFEDL
100 _aMenzel Emil W
_992309
245 0 _aSuggestions for the use of new-type tests in India
260 _aLondon, UK
_bOxford University Press
_c1952
300 _avi,282p.
942 _cREF
_h371.26, MEN
999 _c1327257
_d1327257